000 00400nam a2200157 i 4500
001 bg
100 1 _aDŻELEPOV, B. S.
245 0 _aIzobrannye jadra s massovym eislom A=170 /
_cB.S. Dzelepov, S.A. Sestopalova.
260 _aLeningrad,
_c1973.
700 1 _aSESTOPALOVA, S. A.
040 _cBPK
041 _apol
080 _a539.16
942 _cKS
008 s pl f |000 0 pol
999 _c27095
_d27095
856 _uhttp://koha.tu.koszalin.pl/cgi-bin/koha/opac-detail.pl?biblionumber=27095
_yKatalog online BPK